000 00664nam a22002057a 4500
999 _c15373
_d15373
003 AR-CdUCM
008 190425b ||||| |||| 00| 0 spa d
020 _a978-84-9825-756-4
040 _aMUNICIPALIDAD PROVINCIAL DEL CUSCO
_cBIBLIOTECA MUNICIPAL DEL CUSCO
082 _aPI / 376.1 /
_bB94
100 _aBurne, Mike.
_934425
245 _aRita comienza el colegio :
_b¡Ayúdala a preparar sus cosas! /
260 _aChina :
_bCombel,
_c2012.
300 _bIlustraciones
_c26 cm.
500 _aTitulo original : Bunny Starts School
650 _aCuentos infantiles
_93927
650 _aNiños (as)
_933869
942 _2ddc
_cLIBROS
945 _arum
_d2019-04-26